Регионална библиотека "Любен Каравелов" - Русе

Технологии за VІІ клас (Запис номер 131976)

MARC детайли
000 -Лидер
Контролно поле с фиксирана дължина 02392nam a2200421 c 4500
003 - Код на организацията, давaща контролен номер
Контролно поле BLK
005 - Дата и час на последна редакция
Контролно поле 20180422111620.0
008 - Елементи от данни с фиксирана дължина
fixed length control field 180409b bul|||||r ||||||| ||bul||
010 ## - Наследен системен номер
LC control number KNG00137817000
020 ## - Международен стандартен номер на книга ISBN
Международен стандартен номер на книга ISBN 978-954-01-2544-2
-- издат.: Просвета - на том
040 ## - Източник на каталожния запис
Идентификатор на билиотеката - собственик на записа BLK
041 ## - Код за език
Код за езика на текст/звукозапис или на отделно заглавие Български
Код за езика КДБФ Български
072 #7 - Код за тематичната категория
Код организация bullib
Код за тематична категория Н372
Текст Учебни предмети. Учебници Н
080 ## - УДК
Текстов определител УДК Специално обучение като елемент на общообразователното обучение - Обучение по техника, домакинство, селско стопанство и др.
УДК код - определител по УДК 373.6
УДК определител (076)(075.2)
УДК - код + определител 373.6(076)(075.2)
100 1# - Редна дума - Автор
Автор Георгиева, Ваня Спасова
Авторска отговорност първи автор
R(LIN) 378057
139 ## - Редно поле
Редна дума Технологии за VІІ клас
Авторски знак Тер - Т 53
245 10 - Сведения за заглавието
Заглавие Технологии за VІІ клас
Редно поле (дума) Ваня Спасова Георгиева; авт. на том Ваня Спасова Георгиева; съавт. на том Любен Владимиров Витанов.
Заглавие на том Работни листове, тестови задачи и приложения по технологии за VІІ клас
257 ## - Страна на издаване
Страна на създаване/издаване България
260 ## - Област на издателските данни
-- София
Година на издаване 2008
Печатница За том: София : Лито Балкан
300 ## - Физическа характеристика
Размери/Мащаб 29 см
380 ## - Жанр
Жанр Обществени науки
650 #4 - Допълнително описание по предмет – тема
Основно описание – тема или топоним Трудово обучение - учебници за основни училища
9 (RLIN) 246771
650 #4 - Допълнително описание по предмет – тема
Основно описание – тема или топоним Информационни и комуникационни технологии - учебници
9 (RLIN) 293281
653 ## - Ключова дума – ненормативна
Ключова дума техника
653 ## - Ключова дума – ненормативна
Ключова дума компютри
653 ## - Ключова дума – ненормативна
Ключова дума комуникационна техника
653 ## - Ключова дума – ненормативна
Ключова дума учебни помагала
653 ## - Ключова дума – ненормативна
Ключова дума VІІ кл.
659 ## - Тематичен бюлетин
Тематичен бюлетин Н
700 1# - Други автори (авторска отговорност)
Лично име Георгиева, Ваня Спасова
Автороска отговорност (Описва отношението между автора и произведението) авт. на том
9 (RLIN) 378057
700 1# - Други автори (авторска отговорност)
Лично име Витанов, Любен Владимиров
Автороска отговорност (Описва отношението между автора и произведението) съавт. на том
9 (RLIN) 366231
760 1# - Описание на основната серия
-- - на том
Редна дума на основното описание Георгиева, Ваня Спасова
Място на издаване, издател и година Просвета, 2011
Страници - том 32 с. : с ил.
Заглавие Работни листове, тестови задачи и приложения по технологии за VІІ клас
852 ## - Местоположение
Форматна сигнатура Цб ІІ 15594
856 4# - Електронен адрес и достъп
Електронен формат pdf - файл
Път до файла /url/
856 4# - Електронен адрес и достъп
Електронен формат pdf - файл
Път до файла /url/
942 ## - АРТИКУЛИ
Вид на библиотечния материал Книги
Скрит в OPAC Не
944 ## - СЪЗДАВАНЕ И РЕДАКЦИЯ на ЗАПИСА
Създаване/Редакция Създаване
Дата на регистрацията/редакция 14.04.2011
Служител, извършил регистрацията/редакцията Геновева_Генчева
944 ## - СЪЗДАВАНЕ И РЕДАКЦИЯ на ЗАПИСА
Създаване/Редакция Редакция
Дата на регистрацията/редакция 16.05.2017
Служител, извършил регистрацията/редакцията Виолета_Тройчева
999 ## - СИСТЕМНИ КОНТРОЛНИ НОМЕРА
Koha biblionumber 131976
Koha biblioitemnumber 131976
Наличности
Код за отписване Код за изгубен артикул Код за повреда Коз за рестрикции Код за отдаване Артикулен № Име на библиотеката - собственик Име на библиотеката, в която се намира в момента Статус (Текущо местоположение) Дата на вписване в системата Местоположение - отдел Цена в лева Инвентарен номер Систематично азбучна сигнатура Баркод Номер на екземпляра Цена в евро Служебна бележка Служебен тип на артикула
  Не е изгубен Не е повреден без рестрикции ползва се в читалня 215353 Регионална библиотека "Любен Каравелов" Русе Регионална библиотека "Любен Каравелов" Русе Хранилище 2013-01-10 Хранилище 3.90 120000762758 Цб ІІ 15594 120000762758 1 1.99 Дост: Dp Вид: Д N: 37 Дата: 12.09.2011 Книги
Vip Innovations Ltd, Rousse, Bulgaria 2025